000 01340cam a22003494a 4500
001 11833110
003 OSt
005 20140310181914.0
008 991103s2000 meua b 000 0 eng
010 _a 99057373
020 _a1571103104 (alk. paper)
040 _aDLC
_cDLC
_dDLC
042 _apcc
050 0 0 _aLB 1573.7
_b.H37 2000
082 0 0 _aTR 372.47
_bH26 2000
100 1 _aHarvey, Stephanie.
_9468
245 1 0 _aStrategies that work :
_bteaching comprehension to enhance understanding /
_cStephanie Harvey, Anne Goudvis ; foreword by Donald Graves.
246 3 0 _aTeaching comprehension to enhance understanding
260 _aYork, Me. :
_bStenhouse Publishers,
_cc2000.
300 _axiii, 314 p. :
_bill. ;
_c24 cm.
521 _aFaculty
541 _j1
562 _eFor circulation one copy in the collection
650 0 _aReading comprehension.
_9234
650 0 _aReading (Elementary)
_992
650 0 _aThought and thinking
_xStudy and teaching (Elementary)
_9469
650 0 _aChildren
_xBooks and reading.
_9470
700 1 _aGoudvis, Anne.
_9471
906 _a7
_bcbc
_corignew
_d1
_eocip
_f19
_gy-gencatlg
942 _2lcc
_cBK-TR
_kTR
999 _c6672
_d6672